| 000 | 02010nam a2200397 i 4500 | ||
|---|---|---|---|
| 001 | ebr11019691 | ||
| 003 | CaPaEBR | ||
| 006 | m o d | ||
| 007 | cr cn||||||||| | ||
| 008 | 150302t20152015cauab ob 000 0 eng d | ||
| 020 | _z9780833088567 | ||
| 020 | _a9780833088871 (e-book) | ||
| 040 |
_aCaPaEBR _beng _erda _epn _cCaPaEBR |
||
| 035 | _a(OCoLC)904209230 | ||
| 043 | _an-us--- | ||
| 050 | 1 | 4 |
_aHV9471 _b.F678 2015eb |
| 082 | 0 | 4 |
_a365.973 _223 |
| 245 | 0 | 0 |
_aFostering innovation in community and institutional corrections : _bidentifying high-priority technology and other needs for the U.S. corrections sector / _cBrian A. Jackson [and eight others] ; sponsored by the National Institute of Justice. |
| 264 | 1 |
_aSanta Monica, California : _bRAND Corporation, _c2015. |
|
| 264 | 4 | _c�2015 | |
| 300 |
_a1 online resource (161 pages) : _billustrations (some color), tables, maps. |
||
| 336 |
_atext _2rdacontent |
||
| 337 |
_acomputer _2rdamedia |
||
| 338 |
_aonline resource _2rdacarrier |
||
| 490 | 0 | _aPriority Criminal Justice Needs Initiative | |
| 504 | _aIncludes bibliographical references. | ||
| 588 | _aDescription based on print version record. | ||
| 590 | _aElectronic reproduction. Palo Alto, Calif. : ebrary, 2015. Available via World Wide Web. Access may be limited to ebrary affiliated libraries. | ||
| 650 | 0 |
_aCorrections _zUnited States. |
|
| 655 | 0 | _aElectronic books. | |
| 700 | 1 |
_aJackson, Brian A., _eauthor. |
|
| 710 | 2 |
_aNational Institute of Justice (U.S.), _esponsor. |
|
| 776 | 0 | 8 |
_iPrint version: _tFostering innovation in community and institutional corrections : identifying high-priority technology and other needs for the U.S. corrections sector. _dSanta Monica, California : RAND Corporation, c2015 _hxxvii, 132 pages _kPriority Criminal Justice Needs Initiative _z9780833088567 _w2015930434 |
| 797 | 2 | _aebrary. | |
| 856 | 4 | 0 |
_uhttp://site.ebrary.com/lib/rucke/Doc?id=11019691 _zAn electronic book accessible through the World Wide Web; click to view |
| 999 |
_c148975 _d148975 |
||